| 000 | 00670cam a22002531 4500 | ||
|---|---|---|---|
| 001 | sa 65010151 | ||
| 003 | DLC | ||
| 005 | 20260227112206.0 | ||
| 008 | 890605s1963 ii b 000 0 urdr | ||
| 010 | _asa 65010151 | ||
| 035 | _a(OCoLC)19820154 | ||
| 040 |
_aDLC _cWaU _dDLC |
||
| 042 | _apremarc | ||
| 043 | _aa-ii--- | ||
| 050 | 0 | 0 |
_aPK2101.D4 _bH3 |
| 100 | 1 |
_aHashmī, Nasiruddin, _d1895-1964. |
|
| 245 | 1 | 0 | _aDakan men̲ Urdū. |
| 260 | _c1963. | ||
| 300 |
_a16, 1081 p. _c20 cm. |
||
| 500 | _aIn Urdu. | ||
| 500 | _aText partially vocalized. | ||
| 504 | _aBibliographical footnotes. | ||
| 650 | 0 |
_aUrdu literature _zIndia _zDeccan _xHistory and criticism. |
|
| 999 |
_c66582 _d66582 |
||